书目信息 |
| 题名: |
悦读双香楼
|
|
| 作者: | 蒋祖烜 著 | |
| 分册: | ||
| 出版信息: | 石家庄 河北教育出版社 2007 |
|
| 页数: | 314页 | |
| 开本: | 24cm | |
| 丛书名: | ||
| 单 册: | ||
| 中图分类: | G236 , Z429.76 | |
| 科图分类: | ||
| 主题词: | 书评--中国--现代--选集 , 书评 , 文集--中国 , 全集--中国 , 选集--中国 | |
| 电子资源: | ||
| ISBN: | 978-7-5434-6660-9 | |
| 000 | 00784nam0 2200277 450 | |
| 001 | 1537382604 | |
| 005 | 20150127195031.01 | |
| 010 | @a978-7-5434-6660-9@dCNY35.00 | |
| 100 | @a20080102d2007 em y0chiy50 ea | |
| 101 | 0 | @achi |
| 102 | @aCN@b130000 | |
| 105 | @ay z 000yy | |
| 200 | 1 | @a悦读双香楼@9yue du shuang xiang lou@f蒋祖烜著 |
| 210 | @a石家庄@c河北教育出版社@d2007 | |
| 215 | @a314页@d24cm | |
| 330 | @a本书分为悦读随感、友情出句、自书自说、书事书人、他者絮语五辑编排。 | |
| 606 | 0 | @a书评@y中国@z现代@j选集 |
| 606 | 0 | @a书评 |
| 606 | 0 | @a文集@x中国 |
| 606 | 0 | @a全集@x中国 |
| 606 | 0 | @a选集@x中国 |
| 690 | @aG236@v5 | |
| 690 | @aZ429.76@v4 | |
| 701 | 0 | @a蒋祖烜@9jiang zu xuan@f(1962~)@4著 |
| 801 | 0 | @aCN@bTSSF@c20150127 |
| 905 | @aZUCC@dZ429.76@eJY8 | |
| 悦读双香楼/蒋祖烜著.-石家庄:河北教育出版社,2007 |
| 314页;24cm |
| ISBN 978-7-5434-6660-9:CNY35.00 |
| 本书分为悦读随感、友情出句、自书自说、书事书人、他者絮语五辑编排。 |
| ● |
| 相关链接 |
|
|
|
|
正题名:悦读双香楼
索取号:Z429.76/JY8
 
预约/预借
| 序号 | 登录号 | 条形码 | 馆藏地/架位号 | 状态 | 备注 |
| 1 | 7837726 | 278377267 | 学院路分馆/ [索取号:Z429.76/JY8] | 在馆 | |
| 2 | 7840389 | 278403899 | 学院路分馆/ [索取号:Z429.76/JY8] | 在馆 |